Normal view MARC view
  • Rioja, Enrique

Entry Nombre Personal

Number of records used in: 13

001 - NUMERO DE CONTROL

  • campo de control: 44551

003 - IDENTIFICADOR DE NUMERO DE CONTROL

  • campo de control: DLC

005 - FECHA Y HORA DE LA ÜLTIMA TRANSACCIÓN

  • campo de control: 20220525133822.0

008 - DATOS DE LONGITUD FIJA

  • campo de control de longitud fija: 220522n| acannaabn n aaa c

010 ## - NÚMERO DE CONTROL DE LA BIBLIOTECA DEL CONGRESO

  • Número de control LC: no2009080638

035 ## - NUMERO DE CONTROL

  • Número de control: (OCoLC)oca08120150

040 ## - FUENTE DE CATALOGACIÓN

  • Agencia original de catalogación: MX-MxITA
  • Lenguaje de catalogación: spa
  • Agencia de transcripción: MX-MxITA
  • Agencia que lo modifica: MX-MxUPN

100 1# - ENCABEZAMIENTO - NOMBRE PERSONAL

  • Nombre personal: Rioja, Enrique

670 ## - FUENTE EN LA QUE SE LOCALIZARON DATOS

  • Cita de la fuente: El libro de la vida, 1933:
  • Información localizada: portada (por Enrique Rioja; del Museo Nacional de Ciencias Naturales [Barcelona])

902 ## - CATALOGADOR

  • Catalogador: VRC/250522